Committee of Americans for the Canal Treaties records, (Record no. 43858)

MARC details
000 -LEADER
fixed length control field 01109cpcaa2200289 4500
001 - CONTROL NUMBER
control field mm 83002305
003 - CONTROL NUMBER IDENTIFIER
control field DLC
005 - DATE AND TIME OF LATEST TRANSACTION
control field 20260227111718.0
008 - FIXED-LENGTH DATA ELEMENTS--GENERAL INFORMATION
fixed length control field 840104|||||||||||| eng
010 ## - LIBRARY OF CONGRESS CONTROL NUMBER
LC control number mm 83002305
040 ## - CATALOGING SOURCE
Original cataloging agency DLC
Transcribing agency DLC
Description conventions dacs
Modifying agency DLC
072 #7 - SUBJECT CATEGORY CODE
Subject category code R
Source lcmd
110 2# - MAIN ENTRY--CORPORATE NAME
Corporate name or jurisdiction name as entry element Committee of Americans for the Canal Treaties.
245 00 - TITLE STATEMENT
Title Committee of Americans for the Canal Treaties records,
Inclusive dates 1977-1978.
300 ## - PHYSICAL DESCRIPTION
Extent 1
Type of unit item.
506 0# - RESTRICTIONS ON ACCESS NOTE
Terms governing access Open to research.
520 8# - SUMMARY, ETC.
Summary, etc. Volume of documentation on the activities of the committee with regard to canal treaties with Panama.
533 ## - REPRODUCTION NOTE
Type of reproduction Photocopies.
546 ## - LANGUAGE NOTE
Language note Collection material in English.
580 ## - LINKING ENTRY COMPLEXITY NOTE
Linking entry complexity note Forms part of: Miscellaneous Manuscripts collection.
630 00 - SUBJECT ADDED ENTRY--UNIFORM TITLE
Uniform title Panama Canal Treaties
Date of treaty signing (1977)
651 #0 - SUBJECT ADDED ENTRY--GEOGRAPHIC NAME
Geographic name Panama Canal (Panama)
651 #0 - SUBJECT ADDED ENTRY--GEOGRAPHIC NAME
Geographic name Panama
General subdivision Foreign relations
Geographic subdivision United States.
651 #0 - SUBJECT ADDED ENTRY--GEOGRAPHIC NAME
Geographic name United States
General subdivision Foreign relations
Geographic subdivision Panama.

No items available.

Powered by Koha